000 00438cam a22001575i 4500
008 200709s2021 pau 000 0 eng
020 _a9780323554480
050 _aRD598.5
_b.C66
100 1 _aDryjski, Maciej,
245 1 0 _aComplications in endovascular surgery /
_cMaciej Dryjski, Linda M. Harris.
250 _aFirst.
260 _aPhiladelpia
_bElsevier Ltd
_c2022
300 _apages cm
700 1 _aHarris, Linda M.,
942 _cBK
999 _c2421
_d2421